| 000 | 00462nam a22001697a 4500 | ||
|---|---|---|---|
| 003 | OSt | ||
| 005 | 20240426130010.0 | ||
| 008 | 240426b |||||||| |||| 00| 0 eng d | ||
| 020 | _a9780821868881 | ||
| 040 | _cskbl cu | ||
| 050 |
_a512.7 _b1 |
||
| 082 |
_222nd edn _a512.7 |
||
| 245 |
_aProblems Classical Number Theory _cJean- Marie De Koninck and Armel Mercier _hEnglish |
||
| 260 |
_aHyderabad _bUniversity Press _c2024 |
||
| 300 | _c23cm | ||
| 942 |
_2ddc _cBK _n1 |
||
| 999 |
_c67344 _d67344 |
||